000 01712nam a2200457 a 4500
001 75315
003 BD-RjUL
005 20211209082654.0
008 19 s1954 enkb b 000 0 eng d
035 _a(BD-RjUL)75533
040 _aDLC
_cBBH
_dNRC
_dEQO
_beng
041 _aeng
082 _a956.9
_223
_bHOS 1954
092 _aD0503211617
100 1 _aHourani, Albert H.
_d1915-1993.
_9228364
245 1 0 _aSyria and Lebanon :
_ba political essay /
_cby A. H. Hourani.
260 _aLondon ;
_aNew York :
_bOxford University Press,
_c1946.
300 _ax, 402 p., [1] folded leaf :
_b5 maps ;
_c22 cm.
500 _a"Issued under the auspices of the Royal Institute of International Affairs"--t.p.
500 _a"Bibliographical note": p. 387-390 - Includes index.
651 0 _aSyria
_xPolitics and government
_9228365
651 0 _aLebanon
_xPolitics and government
_9228366
710 2 _aRoyal Institute of International Affairs.
_9228367
942 _2ddc
_cBK
999 _c75315
_d75315